000 00338 a2200157 4500
001 147583
040 _cEscola São Tomás de Aquino
100 _aJUNQUEIRA, Sonia
240 1 0 _aA foca famosa
_lpor
245 1 0 _aA foca famosa
300 _a23
362 0 _a2012
440 1 _aÁtica
697 _a*LITERATURA INFANTIL
942 _cBK
999 _c147583
_d147583